[Event "Titled Tuesday intern op 27th July"]
[Site "Chess.com INT"]
[Date "2021.07.27"]
[Round "1"]
[White "Fakhretdinov, Robert"]
[Black "Shkapenko, Pavel"]
[Result "1/2-1/2"]
[WhiteElo "2330"]
[BlackElo "2424"]
[PlyCount "63"]
[EventDate "2021.07.27"]
[EventType "swiss (blitz)"]
[EventRounds "11"]
[EventCountry "USA"]
[SourceTitle "CBM 203 Extra"]
[Source "ChessBase"]
[SourceDate "2021.09.30"]
[SourceVersion "1"]
[SourceVersionDate "2021.09.30"]
[SourceQuality "1"]

1. d4 Nf6 2. Nf3 e6 3. c4 Bb4+ 4. Nc3 c5 5. g3 cxd4 6. Nxd4 Ne4 7. Qd3 Bxc3+ 8. bxc3 Nc5 9. Qc2 b6 10. Bg2 Bb7 11. Bxb7 Nxb7 12. Ba3 Nc6 13. Nb5 Rc8 14. 0-0 Nca5 15. c5 Nxc5 16. Nd6+ Ke7 17. Nxc8+ Qxc8 18. c4 h6 19. Rac1 Qc7 20. Rfd1 Rc8 21. Qd3 Nab7 22. Qd4 f6 23. Rc2 Kf7 24. Rcd2 Qc6 25. Qg4 Qa4 26. Qf3 Rc7 27. Bxc5 Nxc5 28. Qh5+ Kf8 29. Qh4 Kf7 30. Qh5+ Kf8 31. Qh4 Kf7 32. Qh5+ 1/2-1/2

[Event "Sterlitamak Rochinskiy op"]
[Site "Sterlitamak"]
[Date "2012.06.29"]
[Round "8"]
[White "Fakhretdinov, Robert"]
[Black "Glidzhain, Gor Mikhailovich"]
[Result "1/2-1/2"]
[WhiteElo "1968"]
[BlackElo "1790"]
[PlyCount "99"]
[EventDate "2012.06.22"]
[EventType "swiss"]
[EventRounds "9"]
[EventCountry "RUS"]
[SourceTitle "EXT 2013"]
[Source "ChessBase"]
[SourceDate "2012.11.22"]
[SourceVersion "1"]
[SourceVersionDate "2012.11.22"]
[SourceQuality "1"]

1. d4 Nf6 2. Nf3 g6 3. c4 Bg7 4. Nc3 0-0 5. g3 d6 6. Bg2 Nc6 7. d5 Na5 8. Nd2 c5 9. 0-0 a6 10. Qc2 Rb8 11. b3 b5 12. Bb2 bxc4 13. bxc4 Bf5 14. e4 Bd7 15. Nd1 e6 16. Bc3 Ng4 17. Bxg7 Kxg7 18. h3 Qf6 19. Rc1 Nh6 20. dxe6 fxe6 21. Qd3 Nf7 22. Ne3 Qd4 23. Qc3 Qxc3 24. Rxc3 Rb2 25. Nf3 Nc6 26. Ra3 Nb4 27. e5 dxe5 28. Ra5 Rxa2 29. Rxc5 Rc8 30. Rxc8 Bxc8 31. Rb1 a5 32. c5 Ba6 33. c6 Nxc6 34. Rb6 Nb4 35. h4 h6 36. Bh3 Be2 37. Nh2 Ra1+ 38. Kg2 Nd3 39. Bxe6 Nc5 40. Bd5 Bd3 41. Rc6 Be4+ 42. Nf3 Bxd5 43. Nxd5 Nd3 44. h5 gxh5 45. Nd2 Ng5 46. Rc7+ Kg6 47. Rc6+ Kf7 48. Rc3 Ne1+ 49. Kh2 Ra2 50. Nc4 1/2-1/2

[Event "Sterlitamak Rochinskiy op"]
[Site "Sterlitamak"]
[Date "2012.06.28"]
[Round "7"]
[White "Makeev, Nikolay"]
[Black "Fakhretdinov, Robert"]
[Result "0-1"]
[WhiteElo "2046"]
[BlackElo "1968"]
[PlyCount "116"]
[EventDate "2012.06.22"]
[EventType "swiss"]
[EventRounds "9"]
[EventCountry "RUS"]
[SourceTitle "EXT 2013"]
[Source "ChessBase"]
[SourceDate "2012.11.22"]
[SourceVersion "1"]
[SourceVersionDate "2012.11.22"]
[SourceQuality "1"]

1. d4 Nf6 2. c4 e6 3. Nf3 d5 4. g3 Be7 5. Bg2 0-0 6. 0-0 c5 7. e3 Nc6 8. b3 b6 9. Bb2 Ba6 10. Nbd2 Rc8 11. Re1 cxd4 12. exd4 Bb4 13. Ne5 Na5 14. Rc1 dxc4 15. Ndxc4 Bxc4 16. bxc4 Bxe1 17. Qxe1 Re8 18. Qe3 Nd7 19. c5 Nxe5 20. Qxe5 Nc6 21. Qe4 Ne7 22. c6 Qd6 23. Qe5 Qxe5 24. dxe5 Rc7 25. Ba3 Rec8 26. Bd6 Rxc6 27. Bxc6 Rxc6 28. Rd1 Nd5 29. Rd2 g5 30. Kg2 f5 31. h4 h6 32. hxg5 hxg5 33. a3 Kg7 34. Rd1 Rc2 35. Re1 g4 36. Kf1 Kg6 37. Re2 Rc1+ 38. Re1 Rxe1+ 39. Kxe1 f4 40. Ke2 Kf5 41. Kd3 b5 42. Kd4 a5 43. Bc5 b4 44. axb4 Nxb4 45. Kc4 fxg3 46. fxg3 Nc6 47. Kb5 Nxe5 48. Kxa5 Ke4 49. Kb5 Kf3 50. Bd6 Nf7 51. Bc7 e5 52. Kc4 e4 53. Kd4 Ng5 54. Ke5 e3 55. Kf5 Ne4 56. Ba5 Nxg3+ 57. Kg5 Nf1 58. Kh4 g3 0-1

[Event "Sterlitamak Rochinskiy op"]
[Site "Sterlitamak"]
[Date "2012.06.26"]
[Round "5"]
[White "Gabitov, Ruslan"]
[Black "Fakhretdinov, Robert"]
[Result "1/2-1/2"]
[WhiteElo "2017"]
[BlackElo "1968"]
[PlyCount "49"]
[EventDate "2012.06.22"]
[EventType "swiss"]
[EventRounds "9"]
[EventCountry "RUS"]
[SourceTitle "EXT 2013"]
[Source "ChessBase"]
[SourceDate "2012.11.22"]
[SourceVersion "1"]
[SourceVersionDate "2012.11.22"]
[SourceQuality "1"]

1. d4 Nf6 2. Nc3 d5 3. Bg5 Nbd7 4. Qd3 e6 5. e4 h6 6. Bh4 Bb4 7. exd5 exd5 8. Nf3 0-0 9. Be2 c5 10. 0-0 c4 11. Qe3 Re8 12. Ne5 Qb6 13. Bxf6 Nxf6 14. Bf3 Be6 15. Rad1 Rac8 16. g4 Bd6 17. g5 Bxe5 18. dxe5 Qxe3 19. fxe3 Nd7 20. gxh6 gxh6 21. Bxd5 Nxe5 22. Ne4 Red8 23. Nf6+ Kh8 24. Bxb7 Rxd1 25. Rxd1 1/2-1/2

[Event "Sterlitamak Rochinskiy op"]
[Site "Sterlitamak"]
[Date "2012.06.22"]
[Round "1"]
[White "Afanasiev, Petr"]
[Black "Fakhretdinov, Robert"]
[Result "0-1"]
[WhiteElo "1967"]
[BlackElo "1968"]
[PlyCount "74"]
[EventDate "2012.06.22"]
[EventType "swiss"]
[EventRounds "9"]
[EventCountry "RUS"]
[SourceTitle "EXT 2013"]
[Source "ChessBase"]
[SourceDate "2012.11.22"]
[SourceVersion "1"]
[SourceVersionDate "2012.11.22"]
[SourceQuality "1"]

1. Nf3 Nf6 2. c4 e6 3. d4 b6 4. g3 Ba6 5. Qc2 Bb4+ 6. Nbd2 0-0 7. Bg2 d5 8. Rg1 Bxc4 9. a3 Bxd2+ 10. Bxd2 Nbd7 11. b3 Ba6 12. Bb4 c5 13. dxc5 bxc5 14. Bd2 Qb6 15. g4 Rac8 16. g5 Ne4 17. h4 c4 18. Be3 cxb3 19. Bxb6 Rxc2 20. Nd4 Ra2 21. Nxb3 Rxe2+ 22. Kd1 Nxf2+ 23. Bxf2 Rxf2 24. Rc1 Rb8 25. Rc3 g6 26. h5 gxh5 27. Bf3 Bc4 28. Nd2 Rb2 29. Nxc4 Rb1+ 30. Rc1 Rxc1+ 31. Kxc1 dxc4 32. Bxh5 Nc5 33. Rg4 Nb3+ 34. Kd1 c3 35. Rc4 Rd2+ 36. Ke1 c2 37. Rc7 Rh2 0-1

[Event "Sterlitamak op"]
[Site "Sterlitamak"]
[Date "2011.07.03"]
[Round "7"]
[White "Fakhretdinov, Robert"]
[Black "Tanygin, Valerij"]
[Result "1-0"]
[WhiteElo "2367"]
[BlackElo "2167"]
[PlyCount "79"]
[EventDate "2011.06.27"]
[EventType "swiss"]
[EventRounds "9"]
[EventCountry "RUS"]
[SourceTitle "EXT 2012"]
[Source "ChessBase"]
[SourceDate "2011.11.24"]
[SourceVersion "1"]
[SourceVersionDate "2011.11.24"]
[SourceQuality "1"]

1. d4 Nf6 2. Nf3 e6 3. c4 b6 4. a3 Bb7 5. Nc3 d6 6. d5 g6 7. e4 Qe7 8. Be2 Bg7 9. 0-0 0-0 10. Re1 Nbd7 11. Qc2 a5 12. Rb1 a4 13. Be3 Nc5 14. Nd4 Nfd7 15. Ndb5 Bxc3 16. Nxc3 e5 17. Bg4 Bc8 18. Nb5 Qd8 19. Nc3 Qh4 20. h3 h5 21. g3 Qe7 22. Be2 Kg7 23. Bf1 f5 24. exf5 gxf5 25. Qd2 Rh8 26. Bg5 Qf7 27. Nb5 Nf6 28. Bh4 Nce4 29. Qe3 Rh6 30. Kh2 Rg6 31. f4 Ba6 32. Nc3 Nxc3 33. Qxc3 Ne4 34. Rxe4 fxe4 35. fxe5 dxe5 36. Bg2 Re8 37. Rf1 Qd7 38. Bxe4 Bc8 39. Bxg6 Qxh3+ 40. Kg1 1-0

[Event "Sterlitamak op"]
[Site "Sterlitamak"]
[Date "2011.06.29"]
[Round "3"]
[White "Fakhretdinov, Robert"]
[Black "Timankin, Fedor"]
[Result "1-0"]
[WhiteElo "2367"]
[BlackElo "1988"]
[PlyCount "97"]
[EventDate "2011.06.27"]
[EventType "swiss"]
[EventRounds "9"]
[EventCountry "RUS"]
[SourceTitle "EXT 2012"]
[Source "ChessBase"]
[SourceDate "2011.11.24"]
[SourceVersion "1"]
[SourceVersionDate "2011.11.24"]
[SourceQuality "1"]

1. d4 e6 2. Nf3 f5 3. g3 Nf6 4. Bg2 Be7 5. c4 0-0 6. 0-0 d5 7. Nbd2 Nbd7 8. Qc2 Ne4 9. b3 c6 10. Bb2 Qc7 11. Rac1 Qa5 12. a3 Nxd2 13. Nxd2 Nf6 14. Nf3 Ne4 15. Ne5 Bg5 16. e3 Be7 17. f3 Nf6 18. b4 Qc7 19. Qb3 Qd8 20. a4 Nd7 21. Nd3 Nb6 22. Ne5 Nd7 23. Rfd1 Nxe5 24. dxe5 Qb6 25. Ba3 dxc4 26. Rxc4 a5 27. b5 Bxa3 28. Qxa3 cxb5 29. axb5 Qxb5 30. Rc7 Re8 31. f4 Qb6 32. Rdc1 h6 33. h4 Rb8 34. Kh2 Qb4 35. Qxb4 axb4 36. Rb1 Rd8 37. Rxb4 b5 38. Bc6 Rd2+ 39. Kh3 Ba6 40. Ra7 Rb6 41. Ba8 Rd8 42. h5 Kf8 43. e4 fxe4 44. Bxe4 Re8 45. Rd4 Bc8 46. Bg6 b4 47. Ra8 b3 48. Bxe8 b2 49. Rxc8 1-0

[Event "Sterlitamak op"]
[Site "Sterlitamak"]
[Date "2010.06.30"]
[Round "7"]
[White "Sergeev, Alexander"]
[Black "Fakhretdinov, Robert"]
[Result "1/2-1/2"]
[WhiteElo "2369"]
[BlackElo "2362"]
[PlyCount "98"]
[EventDate "2010.06.24"]
[EventType "swiss"]
[EventRounds "9"]
[EventCountry "RUS"]
[SourceTitle "CBM 137 Extra"]
[Source "ChessBase"]
[SourceDate "2010.09.01"]
[SourceVersion "1"]
[SourceVersionDate "2010.09.01"]
[SourceQuality "1"]

1. d4 e6 2. c4 Nf6 3. Nc3 d5 4. Bg5 Nbd7 5. e3 Be7 6. Bd3 0-0 7. Nf3 c6 8. 0-0 dxc4 9. Bxc4 Nd5 10. Bxe7 Qxe7 11. Bxd5 exd5 12. a3 Rd8 13. Rc1 Nf8 14. Ne5 Be6 15. Na4 f6 16. Nd3 Bf7 17. Nf4 Rac8 18. b4 Nd7 19. Qb3 Nb6 20. Nxb6 axb6 21. a4 c5 22. bxc5 bxc5 23. Qa3 b6 24. dxc5 Rxc5 25. a5 Qa7 26. Rxc5 bxc5 27. Nd3 c4 28. Nb4 Qc5 29. a6 Ra8 30. Rd1 h6 31. h3 Kh7 32. Qc3 Kh8 33. Ra1 Kg8 34. Nc2 Qb6 35. Qa3 Qb3 36. Nd4 Qxa3 37. Rxa3 Kf8 38. a7 Ke7 39. Kf1 Bg6 40. Ke2 Bd3+ 41. Kd2 Bf1 42. Ra1 Bxg2 43. Rg1 Bxh3 44. Rxg7+ Kd6 45. Rb7 Bd7 46. Kc3 h5 47. Rb6+ Kc5 48. Rb7 Kd6 49. Rb6+ Kc5 1/2-1/2

[Event "Sterlitamak op"]
[Site "Sterlitamak"]
[Date "2010.06.29"]
[Round "6"]
[White "Fakhretdinov, Robert"]
[Black "Kalegin, Evgenij"]
[Result "1/2-1/2"]
[WhiteElo "2362"]
[BlackElo "2456"]
[PlyCount "49"]
[EventDate "2010.06.24"]
[EventType "swiss"]
[EventRounds "9"]
[EventCountry "RUS"]
[SourceTitle "CBM 137 Extra"]
[Source "ChessBase"]
[SourceDate "2010.09.01"]
[SourceVersion "1"]
[SourceVersionDate "2010.09.01"]
[SourceQuality "1"]

1. d4 Nf6 2. Nf3 d6 3. c4 Nbd7 4. Nc3 c6 5. Bg5 h6 6. Bh4 g5 7. Bg3 Nh5 8. e3 Bg7 9. Be2 Ndf6 10. Qc2 Qa5 11. a3 a6 12. b4 Qc7 13. c5 Nxg3 14. hxg3 a5 15. 0-0 0-0 16. Rab1 axb4 17. axb4 b6 18. cxd6 exd6 19. Rfc1 Bd7 20. Bd3 Qc8 21. Nd2 c5 22. bxc5 bxc5 23. dxc5 Qxc5 24. Nb3 Qe5 25. Nd4 1/2-1/2

[Event "Sterlitamak op"]
[Site "Sterlitamak"]
[Date "2010.06.25"]
[Round "2"]
[White "Fakhretdinov, Robert"]
[Black "Jangurazov, Albert"]
[Result "1-0"]
[WhiteElo "2362"]
[BlackElo "1883"]
[PlyCount "90"]
[EventDate "2010.06.24"]
[EventType "swiss"]
[EventRounds "9"]
[EventCountry "RUS"]
[SourceTitle "CBM 137 Extra"]
[Source "ChessBase"]
[SourceDate "2010.09.01"]
[SourceVersion "1"]
[SourceVersionDate "2010.09.01"]
[SourceQuality "1"]

1. d4 Nf6 2. Nf3 g6 3. c4 Bg7 4. Nc3 0-0 5. g3 d6 6. Bg2 Nbd7 7. 0-0 c6 8. e4 e5 9. h3 h6 10. Be3 Re8 11. Qc2 a6 12. dxe5 dxe5 13. c5 Qe7 14. Na4 Nh7 15. Nd2 Rb8 16. Nc4 Rd8 17. Rad1 Nhf8 18. b4 Ne6 19. Kh2 Nd4 20. Bxd4 exd4 21. f4 Nf8 22. Nab6 Be6 23. Nd6 Rxd6 24. cxd6 Qxd6 25. f5 Bc8 26. Qc5 Qxc5 27. bxc5 Be5 28. Nc4 f6 29. Rf2 gxf5 30. exf5 Nd7 31. Rc2 Kg7 32. Bf3 Nf8 33. Be4 h5 34. Kg2 Bd7 35. Rb1 Bc8 36. Nb6 Bd7 37. Rbb2 Kh6 38. h4 Re8 39. Bd3 Bxg3 40. Kxg3 Re3+ 41. Kf4 Rxd3 42. Rg2 Rh3 43. Rg8 Rxh4+ 44. Kg3 Re4 45. Rxf8 Bxf5 1-0

[Event "Bashkortostan-ch"]
[Site "Sterlitamak"]
[Date "2010.02.05"]
[Round "8"]
[White "Fakhretdinov, Robert"]
[Black "Nechepurenko, Roman V"]
[Result "1/2-1/2"]
[WhiteElo "2367"]
[BlackElo "2509"]
[PlyCount "47"]
[EventDate "2010.02.02"]
[EventType "swiss"]
[EventRounds "9"]
[EventCountry "RUS"]
[SourceTitle "CBM 134 Extra"]
[Source "ChessBase"]
[SourceDate "2010.03.03"]
[SourceVersion "1"]
[SourceVersionDate "2010.03.03"]
[SourceQuality "1"]

1. d4 Nf6 2. Nf3 d6 3. Bg5 Nbd7 4. e3 e5 5. Be2 Be7 6. 0-0 0-0 7. c4 Ne4 8. Bxe7 Qxe7 9. Qc2 f5 10. dxe5 dxe5 11. Nbd2 Nxd2 12. Qxd2 e4 13. Nd4 a5 14. Rfd1 Ra6 15. c5 Rh6 16. c6 bxc6 17. f4 exf3 18. Nxf3 Nf6 19. Rac1 Ng4 20. Re1 Rd8 21. Bc4+ Be6 22. Bxe6+ Rxe6 23. Qxa5 Nxe3 24. Qc5 1/2-1/2

[Event "Bashkortostan-ch"]
[Site "Sterlitamak"]
[Date "2010.02.03"]
[Round "4"]
[White "Fakhretdinov, Robert"]
[Black "Mullagaliev, Nafis"]
[Result "1-0"]
[WhiteElo "2367"]
[BlackElo "2117"]
[PlyCount "95"]
[EventDate "2010.02.02"]
[EventType "swiss"]
[EventRounds "9"]
[EventCountry "RUS"]
[SourceTitle "CBM 134 Extra"]
[Source "ChessBase"]
[SourceDate "2010.03.03"]
[SourceVersion "1"]
[SourceVersionDate "2010.03.03"]
[SourceQuality "1"]

1. Nf3 d5 2. d4 c6 3. c4 e6 4. Nc3 dxc4 5. e4 b5 6. Be2 Bb7 7. Qc2 a6 8. 0-0 h6 9. a4 Nf6 10. Rd1 Bb4 11. e5 Nd5 12. Ne4 Nd7 13. Bd2 Be7 14. b3 cxb3 15. Qxb3 0-0 16. Rdc1 Qb6 17. Be3 Rfd8 18. Nc5 Nxe3 19. Qxe3 Nf8 20. Bd3 Bxc5 21. dxc5 Qc7 22. Be4 Kh8 23. Qc3 Qe7 24. g3 f5 25. exf6 gxf6 26. Qe3 Qg7 27. Nd4 Rac8 28. Bg2 Re8 29. axb5 axb5 30. Ra7 Re7 31. Re1 Rcc7 32. Qb3 Qg5 33. Qc3 e5 34. Nf3 Qg7 35. Nh4 Bc8 36. Ra8 Kg8 37. Rd1 Red7 38. Rd6 Qg4 39. Bf3 Qg5 40. Be4 Bb7 41. Qb3+ Rf7 42. Rad8 Qc1+ 43. Kg2 Qc4 44. Qf3 Bc8 45. h3 b4 46. Bg6 b3 47. Bxf7+ Kxf7 48. Rxc8 1-0

[Event "Sterlitamak op"]
[Site "Sterlitamak"]
[Date "2008.06.28"]
[Round "3"]
[White "Selegenenko, Vladimir"]
[Black "Fakhretdinov, Robert"]
[Result "0-1"]
[WhiteElo "2146"]
[BlackElo "2357"]
[PlyCount "54"]
[EventDate "2008.06.26"]
[EventType "swiss"]
[EventRounds "9"]
[EventCountry "RUS"]
[SourceTitle "EXT 2009"]
[Source "ChessBase"]
[SourceDate "2008.11.26"]
[SourceVersion "1"]
[SourceVersionDate "2008.11.26"]
[SourceQuality "1"]

1. d4 d5 2. c4 e6 3. Nc3 Nf6 4. Bg5 c5 5. e3 cxd4 6. exd4 Be7 7. Nf3 0-0 8. Bd3 Nc6 9. 0-0 Nb4 10. Be2 dxc4 11. Bxc4 Nbd5 12. Re1 Bd7 13. Ne5 Bc6 14. Bb3 Rc8 15. Nxc6 bxc6 16. Qf3 h6 17. Bh4 Qa5 18. Re5 Qb4 19. Rd1 Nd7 20. Re4 Bxh4 21. Rxh4 N7f6 22. Qg3 Kh8 23. Na4 Rfd8 24. Nc5 Qb8 25. f4 Ne7 26. Qg5 Nf5 27. Bxe6 Nxh4 0-1

[Event "Sterlitamak op"]
[Site "Sterlitamak"]
[Date "2008.06.27"]
[Round "2"]
[White "Fakhretdinov, Robert"]
[Black "Karimov, Zakir"]
[Result "1-0"]
[WhiteElo "2357"]
[BlackElo "2081"]
[PlyCount "79"]
[EventDate "2008.06.26"]
[EventType "swiss"]
[EventRounds "9"]
[EventCountry "RUS"]
[SourceTitle "EXT 2009"]
[Source "ChessBase"]
[SourceDate "2008.11.26"]
[SourceVersion "1"]
[SourceVersionDate "2008.11.26"]
[SourceQuality "1"]

1. d4 Nf6 2. Nf3 d5 3. c4 c6 4. Nc3 e6 5. Bg5 Be7 6. e3 Nbd7 7. Qc2 a6 8. 0-0-0 b5 9. c5 0-0 10. Bd3 h6 11. h4 Re8 12. Bxf6 Bxf6 13. g4 e5 14. Bh7+ Kh8 15. g5 Be7 16. Bf5 e4 17. Bxd7 Qxd7 18. Ne5 Qe6 19. gxh6 gxh6 20. Ne2 Qf6 21. Ng3 Bf8 22. f4 Be7 23. Nh5 Qf5 24. Qe2 Bb7 25. Ng3 Qf6 26. Ng4 Qe6 27. f5 Qd7 28. Ne5 Qc7 29. Qh5 Bf8 30. Nxf7+ Kg8 31. Qg6+ Bg7 32. Nxh6+ Kh8 33. f6 Bxh6 34. Qxh6+ Qh7 35. Qf4 Rf8 36. Rdf1 Bc8 37. h5 Be6 38. h6 Rf7 39. Qg5 Rg8 40. Qg7+ 1-0

[Event "Ufa Kopylov Memorial"]
[Site "Ufa"]
[Date "2006.12.??"]
[Round "11"]
[White "Abrashkin, Boris Vladimirovich"]
[Black "Fakhretdinov, Robert"]
[Result "1/2-1/2"]
[WhiteElo "2409"]
[BlackElo "2368"]
[PlyCount "23"]
[EventDate "2006.12.03"]
[EventType "tourn"]
[EventRounds "10"]
[EventCountry "RUS"]
[EventCategory "5"]
[SourceTitle "EXT 2019"]
[Source "ChessBase"]
[SourceDate "2018.10.10"]
[SourceVersion "1"]
[SourceVersionDate "2018.10.10"]
[SourceQuality "1"]

1. e4 e5 2. Nf3 Nf6 3. Nxe5 d6 4. Nf3 Nxe4 5. Qe2 Qe7 6. d3 Nf6 7. Qxe7+ Bxe7 8. Be2 0-0 9. 0-0 Nc6 10. Nc3 Re8 11. Re1 h6 12. h3 1/2-1/2

[Event "Ufa Kopylov Memorial"]
[Site "Ufa"]
[Date "2006.12.??"]
[Round "6"]
[White "Fakhretdinov, Robert"]
[Black "Jamilov, Robert F"]
[Result "0-1"]
[WhiteElo "2368"]
[BlackElo "2308"]
[PlyCount "92"]
[EventDate "2006.12.03"]
[EventType "tourn"]
[EventRounds "10"]
[EventCountry "RUS"]
[EventCategory "5"]
[SourceTitle "EXT 2019"]
[Source "ChessBase"]
[SourceDate "2018.10.10"]
[SourceVersion "1"]
[SourceVersionDate "2018.10.10"]
[SourceQuality "1"]

1. d4 Nf6 2. Nf3 e6 3. c4 b6 4. Nc3 Bb7 5. a3 d5 6. cxd5 exd5 7. Bg5 Be7 8. e3 0-0 9. Qb3 h6 10. Bxf6 Bxf6 11. Rd1 Qd6 12. Be2 a6 13. 0-0 Nd7 14. Qa2 Rfd8 15. b4 Nf8 16. Rc1 Ne6 17. Rfd1 Rac8 18. Bf1 Qf8 19. Qb3 Be7 20. g3 Ra8 21. Ra1 Bf6 22. Bg2 c6 23. Ne1 Rab8 24. Rac1 Rd6 25. Na4 Bc8 26. Nd3 Nc7 27. Ne5 Qe8 28. f4 Bf5 29. Qc3 Nb5 30. Qb2 Bd8 31. Re1 Rc8 32. Qb3 f6 33. e4 Nxd4 34. Qa2 Be6 35. exd5 Bxd5 36. Bxd5+ cxd5 37. Rxc8 fxe5 38. Qf2 Nc6 39. fxe5 Nxe5 40. Kg2 Qe6 41. Rf1 Ng4 42. Qf8+ Kh7 43. Rxd8 Rxd8 44. Qxd8 Qe2+ 45. Kh3 Ne3 46. Rf4 Qg2+ 0-1

[Event "Ufa Kopylov Memorial"]
[Site "Ufa"]
[Date "2006.12.??"]
[Round "9"]
[White "Grebenschikov, Vladimir"]
[Black "Fakhretdinov, Robert"]
[Result "1-0"]
[WhiteElo "2337"]
[BlackElo "2368"]
[PlyCount "103"]
[EventDate "2006.12.03"]
[EventType "tourn"]
[EventRounds "10"]
[EventCountry "RUS"]
[EventCategory "5"]
[SourceTitle "EXT 2019"]
[Source "ChessBase"]
[SourceDate "2018.10.10"]
[SourceVersion "1"]
[SourceVersionDate "2018.10.10"]
[SourceQuality "1"]

1. d4 d5 2. c4 e6 3. Nc3 c5 4. cxd5 exd5 5. Nf3 Nc6 6. g3 c4 7. Bg2 Bb4 8. 0-0 Nge7 9. a3 Ba5 10. b4 cxb3 11. Qxb3 0-0 12. Bg5 Bxc3 13. Qxc3 h6 14. Bf4 Be6 15. Rfc1 Rc8 16. Qb2 Qd7 17. Bd2 Nf5 18. Ne5 Nxe5 19. dxe5 Rc4 20. e3 Rfc8 21. Bf1 Qc6 22. Bd3 b5 23. a4 bxa4 24. f3 Rd8 25. Kf2 Qc5 26. Rxa4 Rc8 27. Bxc4 dxc4 28. Ra5 Qc7 29. Bc3 Rd8 30. Rca1 Qe7 31. Rxa7 Qg5 32. Bd4 Rxd4 33. exd4 Qe3+ 34. Kg2 Nxd4 35. R7a3 Nb3 36. Rd1 Bf5 37. Rd8+ Kh7 38. Rb8 Be6 39. Qc2+ g6 40. g4 Qxe5 41. Raa8 Nd4 42. Qe4 Qxe4 43. fxe4 Bxg4 44. Ra4 Be6 45. Kf2 Kg7 46. Rb6 Nb3 47. Rxe6 fxe6 48. Rxc4 Kf6 49. Ke3 Na5 50. Rc7 Nb3 51. Kd3 Ke5 52. Rc3 1-0

[Event "Ufa op"]
[Site "Ufa"]
[Date "2006.??.??"]
[Round "3"]
[White "Gumerov, Renant"]
[Black "Fakhretdinov, Robert"]
[Result "0-1"]
[WhiteElo "2275"]
[BlackElo "2365"]
[PlyCount "82"]
[EventDate "2006.??.??"]
[EventType "swiss"]
[EventRounds "11"]
[EventCountry "RUS"]
[SourceTitle "EXT 2008"]
[Source "ChessBase"]
[SourceDate "2007.11.25"]
[SourceVersion "1"]
[SourceVersionDate "2007.11.25"]
[SourceQuality "1"]

1. d4 d5 2. c4 c6 3. Nc3 Nf6 4. Bg5 e6 5. cxd5 cxd5 6. e3 Nc6 7. f4 Qb6 8. Qd2 Bb4 9. Bxf6 gxf6 10. Nf3 Bd7 11. Be2 Rc8 12. 0-0 f5 13. Rac1 0-0 14. Kh1 Kh8 15. Bd3 f6 16. Qf2 Rg8 17. h3 Rg7 18. Rg1 Rcg8 19. a3 Bf8 20. b4 Nd8 21. Qc2 Nf7 22. Na4 Qd8 23. Nc5 Bc8 24. Qa4 Nd6 25. Rc2 b6 26. Na6 Bd7 27. b5 Qe8 28. Rgc1 Qh5 29. Nh2 Rg3 30. Nb8 Be8 31. Re2 Ne4 32. Rec2 Rxe3 33. Bxe4 Rxa3 34. Qxa3 Bxa3 35. Bf3 Qh4 36. Rb1 Bxb5 37. g3 Qxg3 38. Rg2 Qxf4 39. Rxg8+ Kxg8 40. Rxb5 Bd6 41. Rb2 Qc1+ 0-1

[Event "RUS-ch sf"]
[Site "Ufa"]
[Date "1999.??.??"]
[Round "8"]
[White "Hamatgaleev, Alexej"]
[Black "Fakhretdinov, Robert"]
[Result "1-0"]
[WhiteElo "2310"]
[BlackElo "2400"]
[PlyCount "81"]
[EventDate "1999.04.??"]
[EventType "swiss"]
[EventRounds "11"]
[EventCountry "RUS"]
[SourceTitle "CBM 070 Extra"]
[Source "ChessBase"]
[SourceDate "1999.07.10"]
[SourceVersion "1"]
[SourceVersionDate "1999.07.10"]
[SourceQuality "1"]

1. e4 e6 2. d4 d5 3. Nc3 Bb4 4. e5 c5 5. a3 Bxc3+ 6. bxc3 Ne7 7. h4 Qa5 8. Bd2 cxd4 9. cxd4 Qa4 10. h5 h6 11. Rb1 Nbc6 12. Bd3 Bd7 13. Rxb7 Rb8 14. Rxb8+ Nxb8 15. Bb4 Bb5 16. Bxb5+ Qxb5 17. Rh3 Nbc6 18. Bc5 0-0 19. Rb3 Qa5+ 20. Qd2 Qc7 21. Bd6 Qd7 22. Nf3 f6 23. Bxe7 Qxe7 24. Qc3 Qe8 25. Rb7 fxe5 26. dxe5 Qc8 27. Rb5 Qe8 28. Rc5 Ne7 29. Rc7 Nf5 30. Qc6 Qxh5 31. Qxe6+ Kh7 32. Rc8 Qh1+ 33. Kd2 Nd4 34. Nxd4 Rxf2+ 35. Kc3 Qa1+ 36. Kb3 Qxd4 37. Qg8+ Kg6 38. Rc6+ Kh5 39. Qxg7 Qe3+ 40. Ka2 Qg5 41. Rxh6+ 1-0

[Event "RUS-ch sf"]
[Site "Pskov"]
[Date "1998.??.??"]
[Round "11"]
[White "Alavkin, Arseny Nailievich"]
[Black "Fakhretdinov, Robert"]
[Result "1/2-1/2"]
[WhiteElo "2440"]
[BlackElo "2395"]
[PlyCount "129"]
[EventDate "1998.??.??"]
[EventType "swiss"]
[EventRounds "11"]
[EventCountry "RUS"]
[SourceTitle "EXT 2000"]
[Source "ChessBase"]
[SourceDate "1999.11.16"]
[SourceVersion "1"]
[SourceVersionDate "1999.11.16"]
[SourceQuality "1"]

1. e4 e6 2. d4 d5 3. Nc3 Nf6 4. e5 Nfd7 5. f4 c5 6. Nf3 Nc6 7. Be3 Qb6 8. Na4 Qa5+ 9. c3 c4 10. b4 Qc7 11. Be2 Be7 12. 0-0 f5 13. Bf2 Nf8 14. Ne1 Bd7 15. Nc5 Ng6 16. Bh5 Nd8 17. Be3 b6 18. Nxd7 Qxd7 19. Rf3 0-0 20. Bxg6 hxg6 21. Rh3 a5 22. a3 axb4 23. axb4 Rxa1 24. Qxa1 Nc6 25. Nc2 Qa7 26. Qxa7 Nxa7 27. Na3 Ra8 28. Rf3 Nc6 29. Nb5 Ra4 30. Bd2 Na7 31. Nxa7 Rxa7 32. Kf2 Ra2 33. Ke1 Ra1+ 34. Ke2 Kf7 35. Rh3 Kg8 36. Rg3 Rh1 37. Rh3 Ra1 38. Rg3 Kf7 39. Rh3 Ra8 40. Kd1 Ra2 41. Ke1 Ke8 42. Rh7 Bf8 43. Rh3 Ra1+ 44. Ke2 Rg1 45. Kf2 Rb1 46. Ke2 Rb2 47. Kd1 Kf7 48. Ke1 Ra2 49. Kd1 Ra8 50. Ke2 Be7 51. Kd1 Rf8 52. Ke2 Rc8 53. Kd1 Rg8 54. Kc2 Ke8 55. Kd1 Bd8 56. Ke2 Be7 57. Kd1 Bf8 58. Ke2 Be7 59. Kd1 b5 60. Kc2 Kf7 61. Kc1 Ra8 62. Kb2 Kg8 63. Be3 Rf8 64. Bd2 Kf7 65. Kc2 1/2-1/2

[Event "RUS-ch sf"]
[Site "Pskov"]
[Date "1998.??.??"]
[Round "2"]
[White "Fakhretdinov, Robert"]
[Black "Goldstein, Grigory"]
[Result "1-0"]
[WhiteElo "2395"]
[BlackElo "2280"]
[PlyCount "37"]
[EventDate "1998.??.??"]
[EventType "swiss"]
[EventRounds "11"]
[EventCountry "RUS"]
[SourceTitle "EXT 2000"]
[Source "ChessBase"]
[SourceDate "1999.11.16"]
[SourceVersion "1"]
[SourceVersionDate "1999.11.16"]
[SourceQuality "1"]

1. d4 f5 2. g3 Nf6 3. Bg2 e6 4. Nf3 d5 5. 0-0 Bd6 6. c4 c6 7. Qc2 0-0 8. b3 Qe7 9. Ne5 b6 10. cxd5 cxd5 11. Nc4 Ne8 12. Nxd6 Nxd6 13. Ba3 Bb7 14. Qd2 Na6 15. Nc3 Qd7 16. Qf4 Rfd8 17. Rfc1 Nf7 18. Bf1 Rac8 19. Qd2 1-0